Собрание сочинений: в 4 т.
| 1. Verfasser: | |
|---|---|
| Sprache: | Russisch |
| Veröffentlicht: |
Москва, Советская Россия, 1984-
|
| Format: | Buch |
| KOHA link: | https://koha.lib.tpu.ru/cgi-bin/koha/opac-detail.pl?biblionumber=153470 |
MARC
| LEADER | 00000nam0a2200000 4500 | ||
|---|---|---|---|
| 001 | 153470 | ||
| 005 | 20231031151417.0 | ||
| 035 | |a (RuTPU)RU\TPU\book\166499 | ||
| 090 | |a 153470 | ||
| 100 | |a 20090212d1984 m y0rusy50 ca | ||
| 101 | 0 | |a rus | |
| 102 | |a RU | ||
| 105 | |a a z 000zy | ||
| 200 | 1 | |a Собрание сочинений |e в 4 т. |f А. К. Югов | |
| 210 | |a Москва |c Советская Россия |d 1984- | ||
| 700 | 1 | |a Югов |b А. К. |g Алексей Кузьмич | |
| 801 | 1 | |a RU |b 63413507 |c 20090212 |g PSBO | |
| 942 | |c BK | ||